Statistics for Animals: found in cold places

Click here to take the quiz!

General Stats

  • This quiz has been taken 28 times
  • The average score is 9 of 15

Answer Stats

HintAnswer% Correct
Pulls santa's sleighReindeer
96%
Flightless birdPenguin
92%
White bearPolar bear
92%
An oreo colored whaleOrca
83%
A horned whaleNarwhal
79%
An arctic water mammalSeal
71%
A swollen headed white whaleBeluga
67%
A small K-9Arctic fox
50%
Know to be vicious and also the name of a super heroWolverine
50%
A small long eared animalArctic hare
38%
A hairy hooved animalMuskox
38%
A type of large canineArctic wolf
33%
A small flightless birdPuffin
33%
Can flySnowy owl
17%
A tusked water mammalWalruses
13%

Score Distribution

Percentile by Number Answered

Percent of People with Each Score

Your Score History

You have not taken this quiz